| 000 | 00653nam a22001817a 4500 | ||
|---|---|---|---|
| 003 | UA-OsUOA | ||
| 001 | 19089 | ||
| 007 | ta | ||
| 008 | 20040713b un ||||| |||| 00| 0 ukr d | ||
| 100 | _aКуліш Л. | ||
| 942 | _cSA | ||
| 040 |
_aUA-OsUOA _cUA-OsUOA _dUA-OsUOA |
||
| 245 |
_aПрилетіла ластівка _b[Рец. на кн.: М. Кика "У родинному колі". Автор кн. - вчитель Коростської школи, що у Сарнен. р-ні] |
||
| 300 | _aС.8 | ||
| 955 | _a0 | ||
| 773 | 0 |
_w0 _tСарненські новини _dСарни _d2004 _g№62/63/10 черв./ |
|
| 650 | 7 |
_aКика М. _2UDC |
|
| 999 |
_c305260 _d305260 |
||